| 000 | 00654nam a22001577a 4500 | ||
|---|---|---|---|
| 008 | 160516b xxu||||| |||| 00| 0 eng d | ||
| 082 |
_22014 _aUT 0521 _bB26 |
||
| 100 |
_98380 _aBaro, Sayrine B. |
||
| 245 |
_aKaalaman sa linggwistikang Filipino at pananaw sa pagsasalita ng mga mag-aaral na kumukuha ng kursong Edukasyon nagmedyor ng Filipino/ _cSayrine B. Baro, Venus S. Incensario and Gay Marie O. Sanchez. |
||
| 260 |
_aDigos City: _bUMDC _cOktubre 2014. |
||
| 300 |
_a46 pages; _c30 cm. |
||
| 650 | 0 |
_98379 _aEducation _vFilipino _xUndergraduate thesis. |
|
| 700 |
_98376 _aIncensario, Venus S. |
||
| 700 |
_98378 _aSanchez, Gay Marie O. |
||
| 942 |
_2ddc _cUT |
||
| 999 |
_c2536 _d2536 |
||